000 00907nam a2200205 i 4500
001 114656
003 ES-MaACL
005 20250903063438.0
007 t|
008 070319s1859 sp |||| | spa d
100 1 _aRemón Zarco del Valle, Antonio,
_d1789-1866
_9131690
245 1 0 _aDiscurso que en contestación al del Sr. D. Manuel Rico y Sinobas, en el acto de su recepción como académico numerario leyó Antonio Remón Zarco del Valle y Huet en la sesión pública del día 3 de julio de 1859.
260 _a[Madrid :
_bs.n.,
_c1859] (
_fImp. del Memorial de Ingenieros)
300 _a16 p. ;
_c23 cm.
500 _aEjemp. sin port.; datos tomados de principio del texto.
710 2 _aReal Academia de Ciencias Exactas, Físicas y Naturales de España.
_9175635
710 2 _aImprenta del Memorial de Ingenieros
_9134482
852 4 _aES-MaACL
_jT-54-F-11
999 _c114656
_d114656